[Event "Bogota El Tablazo op-B"]
[Site "Bogota"]
[Date "2022.06.25"]
[Round "2.25"]
[White "Ramirez Buitrago, Diego Mauricio"]
[Black "Bonilla Bohorquez, Frank David"]
[Result "1-0"]
[WhiteElo "1886"]
[BlackElo "1308"]
[PlyCount "57"]
[EventDate "2022.06.24"]
[EventType "swiss"]
[EventRounds "7"]
[EventCountry "COL"]
[SourceTitle "EXT 2024"]
[Source "ChessBase"]
[SourceDate "2023.10.10"]
[SourceVersion "1"]
[SourceVersionDate "2023.10.10"]
[SourceQuality "1"]

1. d4 d5 2. c4 Nf6 3. cxd5 Qxd5 4. Nc3 Qc6 5. e4 a6 6. d5 Qb6 7. Be2 e6 8. Nf3 Bb4 9. 0-0 0-0 10. Na4 Qa7 11. Be3 b6 12. Qd4 Bc5 13. Nxc5 bxc5 14. Qxc5 Qxc5 15. Bxc5 Rd8 16. dxe6 Bxe6 17. Ng5 Rd2 18. Rfd1 Rd7 19. Nxe6 fxe6 20. f3 Nc6 21. Rxd7 Nxd7 22. Ba3 Nb6 23. Rc1 Nd4 24. Bf1 Ra7 25. Bc5 Nb5 26. a4 Nd6 27. a5 Ndc8 28. axb6 cxb6 29. Be3 1-0

[Event "Soacha op-A"]
[Site "Soacha"]
[Date "2021.09.12"]
[Round "10"]
[White "Gomez, Jorge Leonardo"]
[Black "Ramirez Buitrago, Diego Mauricio"]
[Result "1/2-1/2"]
[WhiteElo "1813"]
[BlackElo "1881"]
[PlyCount "150"]
[EventDate "2021.09.08"]
[EventType "swiss"]
[EventRounds "10"]
[EventCountry "COL"]
[SourceTitle "CBM 204 Extra"]
[Source "ChessBase"]
[SourceDate "2021.11.30"]
[SourceVersion "1"]
[SourceVersionDate "2021.11.30"]
[SourceQuality "1"]

1. e4 c5 2. Nc3 Nc6 3. f4 g6 4. Nf3 Bg7 5. Bb5 Nd4 6. 0-0 e6 7. e5 Ne7 8. Nxd4 cxd4 9. Ne2 0-0 10. b3 d6 11. exd6 Qxd6 12. Bd3 b5 13. Qe1 Bb7 14. Rb1 b4 15. Ng3 f5 16. Bb2 Rac8 17. Ne2 e5 18. Bc4+ Kh8 19. Qf2 Rcd8 20. fxe5 Bxe5 21. Nf4 Nd5 22. Bxd5 Bxd5 23. Bxd4 Bf7 24. Bxe5+ Qxe5 25. Rfe1 Qa5 26. d3 Rd6 27. Re7 Qxa2 28. Rbe1 Qa6 29. Qxa7 Qxa7+ 30. Rxa7 Rc6 31. Ree7 Bg8 32. Rac7 Rc8 33. Rxc8 Rxc8 34. Re2 Kg7 35. d4 g5 36. Nd3 Rb8 37. Ne5 Bd5 38. Kf2 Be4 39. Nd7 Rd8 40. Nc5 Rxd4 41. Nxe4 fxe4 42. Ke3 Rd6 43. Kxe4 Kf6 44. Rf2+ Ke6 45. Ke3 Ke5 46. Rd2 Rc6 47. Ke2 Ke4 48. Kd1 Rf6 49. Kc1 h5 50. Kb2 Rc6 51. Rd3 g4 52. Rd8 Ke3 53. Rd3+ Kf2 54. Rg3 Rg6 55. c3 bxc3+ 56. Rxc3 Kxg2 57. Rc2+ Kh3 58. b4 Rf6 59. Kb3 h4 60. b5 Rf1 61. Kb4 Rh1 62. b6 Rxh2 63. Rxh2+ Kxh2 64. b7 h3 65. b8Q+ g3 66. Kc3 Kg2 67. Qb2+ Kh1 68. Qc1+ Kh2 69. Qf4 Kg2 70. Qd2+ Kh1 71. Qe1+ Kh2 72. Qe5 Kg2 73. Qe2+ Kh1 74. Qe1+ Kh2 75. Qe5 Kg2 1/2-1/2

[Event "Soacha op-A"]
[Site "Soacha"]
[Date "2021.09.12"]
[Round "9"]
[White "Ramirez Buitrago, Diego Mauricio"]
[Black "Leal Cortes, Diego Fernando"]
[Result "1-0"]
[WhiteElo "1881"]
[BlackElo "1843"]
[PlyCount "105"]
[EventDate "2021.09.08"]
[EventType "swiss"]
[EventRounds "10"]
[EventCountry "COL"]
[SourceTitle "CBM 204 Extra"]
[Source "ChessBase"]
[SourceDate "2021.11.30"]
[SourceVersion "1"]
[SourceVersionDate "2021.11.30"]
[SourceQuality "1"]

1. d4 Nf6 2. c4 e6 3. Nc3 d5 4. cxd5 exd5 5. Bg5 Be7 6. e3 0-0 7. Bd3 c6 8. Qc2 h6 9. Bf4 Re8 10. Nf3 Nbd7 11. 0-0 Nf8 12. Rab1 Bd6 13. Bxd6 Qxd6 14. Ne5 Be6 15. b4 a5 16. bxa5 Reb8 17. a6 bxa6 18. Na4 Ng4 19. Qxc6 Qa3 20. Rxb8 Rxb8 21. Nxg4 Qxd3 22. Ne5 Qd2 23. Qxa6 Qxa2 24. Nc5 Qxa6 25. Nxa6 Rb2 26. Nc5 Bf5 27. h3 f6 28. Ned3 Bxd3 29. Nxd3 Rb5 30. Rc1 Ne6 31. Kf1 Kf7 32. Ke2 Ke7 33. Ra1 Kd7 34. Ra7+ Kd6 35. Kd2 Rb1 36. h4 Rb6 37. f4 Nc7 38. Kc2 Rb8 39. f5 Re8 40. Nf4 Rb8 41. Nh5 Rg8 42. Kd3 Kc6 43. Ke2 Kb6 44. Ra1 Nb5 45. Rc1 Nd6 46. g4 Ne4 47. Rc2 g6 48. Nf4 gxf5 49. Nxd5+ Kb5 50. gxf5 Ng3+ 51. Kf3 Nxf5 52. Nxf6 Rf8 53. Rc5+ 1-0

[Event "Soacha op-A"]
[Site "Soacha"]
[Date "2021.09.08"]
[Round "2"]
[White "Ramirez Buitrago, Diego Mauricio"]
[Black "Torres, Juan Camilo"]
[Result "0-1"]
[WhiteElo "1881"]
[BlackElo "2266"]
[PlyCount "75"]
[EventDate "2021.09.08"]
[EventType "swiss"]
[EventRounds "10"]
[EventCountry "COL"]
[SourceTitle "CBM 204 Extra"]
[Source "ChessBase"]
[SourceDate "2021.11.30"]
[SourceVersion "1"]
[SourceVersionDate "2021.11.30"]
[SourceQuality "1"]

1. d4 d5 2. c4 c6 3. Nc3 Nf6 4. Nf3 dxc4 5. a4 Bf5 6. Ne5 Nbd7 7. Nxc4 Qc7 8. e3 e5 9. dxe5 Nxe5 10. Nxe5 Qxe5 11. Qb3 Qc7 12. Be2 Bc5 13. 0-0 0-0 14. Qc4 Qe7 15. Bf3 Rad8 16. Re1 Be6 17. Qh4 Nd7 18. Qxe7 Bxe7 19. Bd1 Bb4 20. e4 Nc5 21. Bc2 Nb3 22. Bxb3 Bxb3 23. a5 Rfe8 24. Be3 a6 25. f3 Re5 26. Rec1 Rxa5 27. Rxa5 Bxa5 28. Kf2 f6 29. h4 Kf7 30. g4 Bb4 31. g5 a5 32. gxf6 gxf6 33. h5 a4 34. h6 Rd3 35. f4 Bf8 36. f5 Rxe3 37. Rg1 Rxc3 38. Ra1 0-1

[Event "COL-ch sf"]
[Site "Santa Rosa"]
[Date "2021.08.14"]
[Round "7"]
[White "Torres, Saulo de Jesus"]
[Black "Ramirez Buitrago, Diego Mauricio"]
[Result "0-1"]
[WhiteElo "1773"]
[BlackElo "1910"]
[PlyCount "196"]
[EventDate "2021.08.11"]
[EventType "swiss"]
[EventRounds "11"]
[EventCountry "COL"]
[SourceTitle "CBM 204 Extra"]
[Source "ChessBase"]
[SourceDate "2021.11.30"]
[SourceVersion "1"]
[SourceVersionDate "2021.11.30"]
[SourceQuality "1"]

1. e4 c5 2. Nf3 Nc6 3. d4 cxd4 4. Nxd4 g6 5. f4 e5 6. Nb5 d6 7. N1c3 a6 8. Na3 b5 9. Nd5 Nf6 10. Bd3 Nxd5 11. exd5 Ne7 12. 0-0 Bg7 13. c4 Qb6+ 14. Kh1 b4 15. Nc2 0-0 16. Be3 Qb8 17. fxe5 Bxe5 18. Bd4 Bf5 19. Bxe5 Bxd3 20. Qxd3 dxe5 21. d6 Nf5 22. c5 Qb7 23. Rxf5 gxf5 24. Qg3+ Kh8 25. Qxe5+ f6 26. Qxf5 Rae8 27. Nd4 Re5 28. Qc2 Qd5 29. Nb3 Rfe8 30. Qf2 Rf5 31. Qc2 Rfe5 32. Qf2 Re2 33. Qxf6+ Kg8 34. Rg1 Rf8 35. Qd4 Qxd4 36. Nxd4 Rd2 37. Ne6 Re8 38. Nc7 Rc8 39. Nxa6 Rc6 40. Nxb4 Rxc5 41. h3 Rxd6 42. a3 Rd2 43. Rf1 Rg5 44. g4 Rxb2 45. Rf3 Rc5 46. Kg1 Rc1+ 47. Rf1 Rc3 48. Rf2 Rg3+ 49. Kf1 Rb1+ 50. Ke2 Rxa3 51. Nd3 Rbb3 52. Rf3 Ra2+ 53. Ke3 Ra8 54. Kd4 Rd8+ 55. Ke4 Re8+ 56. Kd4 Rd8+ 57. Ke4 Ra3 58. Ne5 Ra4+ 59. Kf5 Rf8+ 60. Ke6 Ra6+ 61. Kd5 Ra5+ 62. Kd4 Ra4+ 63. Kd5 Rd8+ 64. Ke6 Re8+ 65. Kf5 Ra5 66. Re3 Rf8+ 67. Ke4 Rf1 68. Nd3 Ra4+ 69. Ke5 Kg7 70. Nc5 Ra5 71. Kd4 Rd1+ 72. Rd3 Rxd3+ 73. Nxd3 Kf6 74. Ke4 Kg5 75. Nf2 Kh4 76. Kf3 Ra3+ 77. Kg2 Ra2 78. Kf3 Ra3+ 79. Kg2 Rb3 80. Kh2 Rf3 81. Kg2 Rf8 82. Nh1 Ra8 83. Nf2 Kg5 84. Kg3 Ra3+ 85. Kg2 Kf4 86. h4 Rb3 87. g5 Ra3 88. Nh3+ Kg4 89. Nf2+ Kxh4 90. Ne4 Re3 91. Nf2 Kxg5 92. Nh3+ Kf5 93. Ng1 Ra3 94. Nf3 Kf4 95. Ng1 Kg4 96. Ne2 h5 97. Ng1 h4 98. Kh1 Ra2 0-1

[Event "COL-ch Amateur U2000"]
[Site "Paipa"]
[Date "2020.02.28"]
[Round "5"]
[White "Ramirez Buitrago, Diego Mauricio"]
[Black "Cuesta Cifuentes, Jair Alfonso"]
[Result "1-0"]
[WhiteElo "1901"]
[BlackElo "1945"]
[PlyCount "79"]
[EventDate "2020.02.26"]
[EventType "swiss"]
[EventRounds "9"]
[EventCountry "COL"]
[SourceTitle "CBM 195 Extra"]
[Source "ChessBase"]
[SourceDate "2020.05.31"]
[SourceVersion "1"]
[SourceVersionDate "2020.05.31"]
[SourceQuality "1"]

1. d4 Nf6 2. c4 e6 3. Nc3 Bb4 4. a3 Bxc3+ 5. bxc3 Ne4 6. Qc2 f5 7. Nh3 0-0 8. f3 Nf6 9. Bg5 d6 10. e4 fxe4 11. fxe4 Nbd7 12. Be2 e5 13. 0-0-0 Qe8 14. Qd3 exd4 15. cxd4 Qxe4 16. Bf3 Qxd3 17. Rxd3 c6 18. Re1 Nb6 19. c5 Bxh3 20. cxb6 Bf5 21. Rb3 a6 22. Bxf6 Rxf6 23. Re7 d5 24. Rbe3 Rf7 25. Re8+ Rxe8 26. Rxe8+ Rf8 27. Re7 Bc8 28. Kd2 Rd8 29. h3 Kf8 30. Rc7 Kg8 31. Kc3 a5 32. Kb3 Kf8 33. Bg4 Bxg4 34. hxg4 Ra8 35. Rxb7 Ra6 36. Ka4 h6 37. Rb8+ Kf7 38. b7 Rb6 39. Kxa5 Rb3 40. a4 1-0

[Event "COL-ch"]
[Site "Bogota"]
[Date "2018.11.12"]
[Round "9"]
[White "Ramirez Buitrago, Diego Mauricio"]
[Black "Martinez Paipa, Hernan"]
[Result "1-0"]
[WhiteElo "1993"]
[BlackElo "1838"]
[PlyCount "79"]
[EventDate "2018.11.06"]
[EventType "swiss"]
[EventRounds "9"]
[EventCountry "COL"]
[SourceTitle "CBM 187 Extra"]
[Source "ChessBase"]
[SourceDate "2018.11.04"]
[SourceVersion "1"]
[SourceVersionDate "2018.11.04"]
[SourceQuality "1"]

1. d4 d5 2. c4 e6 3. Nc3 Nf6 4. Bg5 Be7 5. Nf3 0-0 6. e3 Nbd7 7. Bd3 c6 8. cxd5 exd5 9. Qc2 Re8 10. 0-0 Nf8 11. Rab1 Nh5 12. Bxe7 Qxe7 13. b4 a6 14. a4 Nf6 15. b5 axb5 16. axb5 Ng6 17. bxc6 bxc6 18. Na4 Bg4 19. Nd2 Nf8 20. h3 Be6 21. Nf3 Ng6 22. Rfc1 Qa3 23. Nc5 Qa5 24. Ng5 Nf8 25. Ncxe6 fxe6 26. Qxc6 Rac8 27. Qb5 Rxc1+ 28. Rxc1 Qd2 29. Qb1 e5 30. Nf3 Qa5 31. Nxe5 Ne6 32. Bf5 Nf8 33. Qb7 Ra8 34. Qf7+ Kh8 35. g4 Ne4 36. Bxe4 dxe4 37. Rc7 Ne6 38. Re7 Rf8 39. Re8 Qa2 40. Rxf8+ 1-0

[Event "Bogota McGregor op 3rd"]
[Site "Bogota"]
[Date "2012.12.12"]
[Round "2"]
[White "Castellanos, Carlos"]
[Black "Ramirez Buitrago, Diego Mauricio"]
[Result "0-1"]
[WhiteElo "1642"]
[BlackElo "1991"]
[PlyCount "22"]
[EventDate "2012.12.12"]
[EventType "swiss"]
[EventRounds "9"]
[EventCountry "COL"]
[SourceTitle "EXT 2014"]
[Source "ChessBase"]
[SourceDate "2013.11.20"]
[SourceVersion "1"]
[SourceVersionDate "2013.11.20"]
[SourceQuality "1"]

1. e4 e6 2. Nc3 d5 3. d4 Nf6 4. e5 Nfd7 5. Nf3 c5 6. Bb5 a6 7. Be2 Nc6 8. Bg5 Qb6 9. Rb1 cxd4 10. Nxd5 Qa5+ 11. Nd2 Qxd5 0-1

[Event "Bogota McGregor op 2nd"]
[Site "Bogota"]
[Date "2011.12.11"]
[Round "10"]
[White "Garcia, Leonardo"]
[Black "Ramirez Buitrago, Diego Mauricio"]
[Result "1-0"]
[WhiteElo "2017"]
[BlackElo "2025"]
[PlyCount "151"]
[EventDate "2011.12.06"]
[EventType "swiss"]
[EventRounds "10"]
[EventCountry "COL"]
[SourceTitle "CBM 145 Extra"]
[Source "ChessBase"]
[SourceDate "2012.01.03"]
[SourceVersion "1"]
[SourceVersionDate "2012.01.03"]
[SourceQuality "1"]

1. e4 e6 2. d4 d5 3. c4 dxe4 4. f3 Bb4+ 5. Bd2 Bxd2+ 6. Qxd2 Nf6 7. Nc3 Nc6 8. d5 exd5 9. cxd5 Nb4 10. fxe4 0-0 11. 0-0-0 Re8 12. Qf4 Nh5 13. Qd2 Nf6 14. Qf4 Nh5 15. Qd2 Nf6 16. Qf4 Qe7 17. Rd4 Na6 18. Nf3 Nc5 19. e5 Ng4 20. Bb5 Nxe5 21. Nxe5 Qxe5 22. Qxe5 Rxe5 23. Rc4 Nd3+ 24. Kd2 Nxb2 25. Rxc7 a6 26. Be2 b5 27. a3 Na4 28. Bf3 Bf5 29. Nxa4 bxa4 30. Re1 Rxe1 31. Kxe1 Rd8 32. Kd2 Bd7 33. Kc3 Kf8 34. Ra7 Bb5 35. Kb4 Ke8 36. Kc5 Rd7 37. Rxd7 Kxd7 38. Bg4+ Kc7 39. Bf3 Kd7 40. Bg4+ Kc7 41. Bf3 h6 42. h4 g5 43. hxg5 hxg5 44. Be4 g4 45. g3 Be2 46. Bf5 Bf3 47. d6+ Kd8 48. Kd4 Bd1 49. Ke5 a5 50. Kf6 Bb3 51. Bxg4 Ke8 52. Bf5 Kd8 53. g4 Ke8 54. g5 Bc4 55. Ke5 Kd8 56. Kd4 Bb3 57. Kc5 Ba2 58. Kb5 Bb3 59. Kxa5 Ke8 60. Kb6 Kd8 61. Kc5 Ba2 62. Kc6 Bb3 63. Bd3 Bd1 64. Bb5 Kc8 65. Kb6 Kd8 66. Ka5 Kc8 67. Bxa4 Bxa4 68. Kxa4 Kd7 69. Kb5 Kxd6 70. Kb6 Ke5 71. a4 Kf5 72. a5 Kxg5 73. a6 f5 74. a7 Kg4 75. a8Q f4 76. Qg2+ 1-0

[Event "Bogota McGregor op 2nd"]
[Site "Bogota"]
[Date "2011.12.11"]
[Round "9"]
[White "Ramirez Buitrago, Diego Mauricio"]
[Black "Ruge, Edison"]
[Result "0-1"]
[WhiteElo "2025"]
[BlackElo "2264"]
[PlyCount "56"]
[EventDate "2011.12.06"]
[EventType "swiss"]
[EventRounds "10"]
[EventCountry "COL"]
[SourceTitle "CBM 145 Extra"]
[Source "ChessBase"]
[SourceDate "2012.01.03"]
[SourceVersion "1"]
[SourceVersionDate "2012.01.03"]
[SourceQuality "1"]

1. d4 Nf6 2. c4 g6 3. Nc3 Bg7 4. e4 d6 5. f4 0-0 6. Nf3 Na6 7. Bd3 e5 8. fxe5 dxe5 9. d5 c6 10. 0-0 Re8 11. Kh1 Nc5 12. b4 Nxd3 13. Qxd3 cxd5 14. Nxd5 Nxd5 15. cxd5 Qd6 16. Rb1 f5 17. Nd2 b5 18. Rb3 Rf8 19. Bb2 Bd7 20. a3 Bh6 21. Nf3 Rae8 22. Rd1 fxe4 23. Qxe4 Bf5 24. Qe2 Bg4 25. h3 e4 26. hxg4 exf3 27. Qc2 Re2 28. Qc6 Qg3 0-1

[Event "Bogota McGregor op 2nd"]
[Site "Bogota"]
[Date "2011.12.09"]
[Round "7"]
[White "Ramirez Buitrago, Diego Mauricio"]
[Black "Valle, Efrain"]
[Result "0-1"]
[WhiteElo "2025"]
[BlackElo "2176"]
[PlyCount "66"]
[EventDate "2011.12.06"]
[EventType "swiss"]
[EventRounds "10"]
[EventCountry "COL"]
[SourceTitle "CBM 145 Extra"]
[Source "ChessBase"]
[SourceDate "2012.01.03"]
[SourceVersion "1"]
[SourceVersionDate "2012.01.03"]
[SourceQuality "1"]

1. d4 Nf6 2. c4 g6 3. Nc3 Bg7 4. e4 d6 5. f4 c5 6. d5 0-0 7. Nf3 e6 8. dxe6 fxe6 9. Bd3 Nh5 10. f5 exf5 11. Bg5 Qa5 12. 0-0 Nf6 13. exf5 gxf5 14. Nh4 Nc6 15. Nxf5 Bxf5 16. Bxf5 Nd4 17. Bd3 Qc7 18. Bxf6 Rxf6 19. Qh5 Rh6 20. Qd5+ Kh8 21. Rf7 Qc6 22. Raf1 Rg8 23. Qxc6 Nxc6 24. Be4 Bd4+ 25. Kh1 Ne5 26. R7f6 Rxh2+ 27. Kxh2 Ng4+ 28. Kh3 Nxf6 29. Bxb7 Be5 30. Ne4 Nh5 31. g4 Nf4+ 32. Kh4 Rb8 33. Bc6 Rxb2 0-1